000 01539cam a22002657a 4500
020 _a9251050678 (pbk.)
040 _cFQG
082 _a174 FOO 2004 A002 Or.
245 0 4 _aThe Ethics of sustainable agricultural intensification.
260 _aRome :
_bFood and Agriculture Organization of the United Nations,
_cc2004.
300 _av, 28 p. :
_bill.,
_c25 cm.
500 _a"The Organization acknowledges the contribution of Peter Kenmore, Clive Stannard and Professor Paul B. Thompson to the preparation of this publication"--P. [2] of cover.
500 _a"TC/M/J0902E/1/05.04/1700"--P. [4] of cover.
520 _aThis report explores three possible approaches to an ethical analysis of agricultural intensification strategies. Human food needs provide the basis for an utilitarian argument for intensification, while the moral concept of virtue addresses people's duty to work for the good of society. A rights-based analysis then reveals how individuals' pursuit of such good can be constrained by the rights of others. Fostering debate around these approaches helps us to articulate and, ultimately, to assume ethical responsibilities for the intensification of agriculture.
650 0 _aAgricultural intensification
650 0 _aAgriculture
650 0 _aFarmers
650 0 _aFood supply.
650 0 _aSustainable agriculture.
700 1 _aKenmore, Peter E.
700 1 _aStannard, Clive.
700 1 _aThompson, Paul B.,
710 2 _aFood and Agriculture Organization of the United Nations.
942 _cEK
999 _c11402
_d11402